00862nab a22002057a 4500003000400000005001700004008004100021040000700062100003100069245009500100260004200195300001200237500003000249505009700279505008900376650002000465650002400485650003100509773011600540OSt20250403125629.0190506c xxu||||| |||| 00| 0 spa d cPJ aCalandra, Fernando Alfredo13aEl período de prueba (art. 92 bis LCT) en la Ley de Bases / cFernando Alfredo Calandra. aBuenos Aires :bAbeledoPerrot,c2025. ap. 9-14 aTR LALEY AR/DOC/3315/2024 aSumario: I. Introducción.— II. Desarrollo.— III. Conclusión.— IV. Bibliografía.  t¿Te interesa el texto completo? Comunicate al correo: koha@justierradelfuego.gov.ar 0aDERECHO LABORAL 0aCONTRATO DE TRABAJO 0aLEY DE CONTRATO DE TRABAJO0 02751dBuenos Aires : AbeledoPerrot, 2013-tRevista de derecho laboral y seguridad social. Nº 3 - Febrero 2025